Εγχειρίδιο Κοινωνικής Ψυχολογίας / Δ' Έκδοση (Record no. 430)
[ view plain ]
| 000 -LEADER | |
|---|---|
| fixed length control field | 01106cam a22002054a 4500 |
| 005 - ΗΜΕΡΟΜΗΝΙΑ ΚΑΙ ΩΡΑ ΤΕΛΕΥΤΑΙΑΣ ΕΝΗΜΕΡΩΣΗΣ | |
| Πεδίο ελέγχου | 20250605163934.0 |
| 008 - FIXED-LENGTH DATA ELEMENTS--GENERAL INFORMATION | |
| Πεδίο ελέγχου σταθερού μήκους | 250528s ||||||||||||||||||||||||d |
| 035 ## - SYSTEM CONTROL NUMBER | |
| System control number | 14815 |
| 020 ## - ISBN | |
| ISBN | 9602100257 |
| 040 ## - ΠΗΓΗ ΚΑΤΑΛΟΓΟΓΡΑΦΗΣΗΣ | |
| Φορέας πρωτότυπης καταλογογράφησης | MC Athens Campus Library |
| Γλώσσα καταλογογράφησης | Ελληνικά, Μοντέρνα (1453-) |
| Modifying agency | MC Athens Campus Library |
| Κανόνες περιγραφικής καταλογογράφησης | AACR2 |
| 245 1# - ΤΙΤΛΟΣ ΚΑΙ ΔΗΛΩΣΗ ΥΠΕΥΘΥΝΟΤΗΤΑΣ | |
| Τίτλος | Εγχειρίδιο Κοινωνικής Ψυχολογίας / Δ' Έκδοση |
| 250 ## - EDITION STATEMENT | |
| Edition statement | 4η |
| 260 ## - PUBLICATION, DISTRIBUTION, ETC. | |
| Name of publisher, distributor, etc. | Οδυσσέας, |
| Date of publication, distribution, etc. | 1989 |
| 300 ## - PHYSICAL DESCRIPTION | |
| Extent | 528 |
| 520 ## - SUMMARY, ETC. | |
| Summary, etc. | Ο τόμος αυτός αποτελεί μια αρκετά λεπτομερή εισαγωγή στο γνωστικό αντικείμενο της Κοινωνικής Ψυχολογίας. Εισαγωγή, Στόχοι και Ιδιομορφία της Κοινωνικής Ψυχολογίας, Κοινωνική Συμπεριφορά και Ατομικές Διεργασίες, Άτομα και Ομάδες, Κοινωνική Επιρροή, Κοινωνική Σκέψη, Συμπεράσματα, Σημειώσεις, Βιβλιογραφία. |
| 700 1# - ΠΡΟΣΘΕΤΗ ΑΝΑΓΡΑΦΗ--ΦΥΣΙΚΟ ΠΡΟΣΩΠΟ | |
| Personal name | Παπαστάμου Στάμος |
| 9 (RLIN) | 160 |
| 942 ## - ADDED ENTRY ELEMENTS (KOHA) | |
| Koha item type | Books |
| Τύπος τεκμηρίου | Βιβλιοθήκη | Τρέχουσα τοποθεσία | Barcode | Αριθμός εισαγωγής | Ημερομηνία απόκτησης | Ταξιθετικό σύμβολο | Αριθμός αντιτύπου | Κατάσταση απόσυρσης | Κατάσταση χαμένου | Κατάσταση κατεστραμμένου | Μη δανεισμός | Σύνολο δανεισμών | Ημερομηνία τελευταίας εμφάνισης | Χρονολογία τελευταίου δανεισμού | Η τιμή ισχύει από |
|---|---|---|---|---|---|---|---|---|---|---|---|---|---|---|---|
| Books | MC Athens Campus Library | MC Athens Campus Library | 9780000004291 | 5155 | 05/06/2025 | 302 PAP | 1 | 1 | 27/11/2025 | 20/11/2025 | 05/06/2025 |